000 01325cam a22003494a 4500
999 _c9808
_d9808
001 13897321
003 OSt
005 20210205154707.0
008 050311s2005 nyu b 001 0 eng
010 _a 2005043412
020 _a0060574879 (alk. paper)
040 _aDLC
_cDLC
_dDLC
042 _apcc
043 _aa-is---
_aa-iq---
_aa-ir---
050 0 0 _aDS49.7
_bF289W
082 0 0 _a200/.956
_222
_bF289W
100 1 _aFeiler, Bruce,
_d1964-
_eauthor.
245 1 0 _aWhere God was born :
_ba journey by land to the roots of religion /
_cBruce Feiler.
250 _a1st ed.
260 _aNew York :
_bWilliam Morrow,
_cc2005.
300 _ax, 405 p. ;
_c24 cm.
504 _aIncludes bibliographical references and index.
600 1 0 _aFeiler, Bruce S.
_xTravel
_zMiddle East.
630 0 0 _aBible.
_pOld Testament
_xHistory of Biblical events.
650 0 _aArab-Israeli conflict.
651 0 _aPalestine
_xDescription and travel.
651 0 _aIraq
_xDescription and travel.
651 0 _aIran
_xDescription and travel.
906 _a7
_bcbc
_corignew
_d1
_eocip
_f20
_gy-gencatlg
942 _2ddc
_cBK